Biblioteca

Rupito / Leonidas Proaño ; director general Iván Égüez (Registro nro. 40597)

Detalles MARC
000 -LÍDER
Campo fijo de descripción fija 008490000a22001810004500
041 0# - CÓDIGO DE IDIOMA
Código de idioma para texto/pista de sonido o título separado
082 04 - NÚMERO DE CLASIFICACIÓN DECIMAL DEWEY
Número de clasificación G 908 P9621r
001 - NÚMERO DE CONTROL
Campo de control 11238
100 1# - ASIENTO PRINCIPAL--NOMBRE PERSONAL
Nombre personal Proaño, Leonidas
245 10 - TÍTULO
Título del Material Rupito / Leonidas Proaño ; director general Iván Égüez
260 ## - PUBLICACIÓN, DISTRIBUCIÓN, ETC. (PIE DE IMPRENTA)
Lugar de publicación, distribución, etc. Quito, Ecuador : Campaña Nacilnal Eugenio Espejo por el Libro y la Lectura Manuela Sáenz
300 ## - DESCRIPCIÓN FÍSICA
Extensión 142 Pág
501 ## - NOTA DE “CON”
Nota de Contenido rústico
505 00 - NOTA DE CONTENIDO
Nota de contenido con formato preestablecido Los primeros problemas del adolescente -- Empieza la edad de los sueños -- necesitado de comprensión y afecto -- Probando la dulzura de la amistad -- un tío que hace las veces de padre -- Nacen grandes ambiciones -- Forja del hombre -- Una edad difícil y compleja -- Amorío: los problemas del corazón -- Cuando empieza a meterse en problemas de mayores
650 14 - ASIENTO SECUNDARIO DE MATERIA - TERMINO TEMÁTICO
Término temático o nombre geográfico como elemento de entrada Adolescencia
942 ## - TIPO DE MATERIAL (KOHA)
Tipo de Item KOHA Libros General
Existencias
Estado de Material Estado de Perdido Estado de Dañado No para Préstamo Colección Tomo Biblioteca de Origen Biblioteca Permanente Fecha de Adquisición Total de Préstamos Signatura Topográfica Código de Barras Última vez visto Ejemplar/Existencia Fecha de Remplazo Tipo de Material
        Colección General   Biblioteca FUSBC Biblioteca FUSBC 26/01/2005   G 908 P9621r 10553 12/12/2019 1 26/01/2016 Libros General

Biblioteca FUSBC | Teléfono: (57+4) 349 88 10 Ext. 141| WhatsApp (+57) 3005338115 
E-mail: biblioteca@unisbc.edu.co | Calle 76 87-14 Robledo Palenque, Medellín, Colombia

Con tecnología Koha